000 00498nam a2200181Ia 4500
003 LK-CoDNM
005 20240226155354.0
008 010623t1892 xxu||||| |||| 00| 1 sin d
040 _aLK-CoDNM
_dLK-CoDNM
_eLK-CoDNM
041 _asin
080 _a104 U22
100 _aPerera,A.M
245 _aප්‍ර‍තිපත්ති සංග්‍ර‍හව
246 _aPrathipaththi sangrahaya
260 _bBuddhist press
_aColombo
_c1892
300 _bDamaged
_a43p., 18 cm
942 _cBK
999 _c83574
_d83574